000 00418pab a2200145 454500
008 180718b2004 xxu||||| |||| 00| 0 eng d
100 _aThomas, Stephen
245 _aEvaluating the British model of electricity deregulation
260 _c2004
300 _ap.367-98.
650 _aPower industry - Great Britain
650 _aPower industry
773 _aAnnals of Public and Cooperative Economics
909 _a62929
999 _c62929
_d62929